00481nam a22001817a 450000500170000001000110001702000100002803500110003803700160004904000120006508200160007710000230009324500470011626000430016330000210020665000200022765000520024720170124110213.0 a744674 c00.00 a744674 bCen Lib/Ret aDPLbEN a301.04bMIC aMichener, James A. aThe quality of life /cby James A.Michener aNew YorkbJ.B.Lippincott Companyc1970 a127p. c21cm(Hb) aSocial Problems aUnited States -- Social conditions -- 1960-1980